000 00851nam a2200241Ia 4500
003 OSt
005 20220923211336.0
006 a|||||r|||| 00| 0
007 ta
008 220922b |||||||| |||| 00| 0 pan d
020 _a9788182993037 (hbk)
_c475
024 _a336,734
037 _bSP/5382, 17/03/2018, Star Publications (Pvt.) Ltd.
_cTextual
040 _aARTS
_cARTS
_bpan
041 _2pan
_apan
082 _aQ8441xK66, 153Q7
100 _aਸਾਗੂ, ਹਰਬੰਸ ਕੌਰ, ਂਚ.
245 0 _aਗੁਰੂ ਗੋਬਿੰਦ ਸਿੰਘ ਸੰਤ ਸਿਧਾਹੀ
260 _c2017
650 _aਸਿੱਖ ਧਰਮ
_9156314
942 _hQ8441xK66, 153Q7
_cTEXL
_2CC
999 _c298631
_d298631